| 000 | 01230cam a2200313 a 4500 | ||
|---|---|---|---|
| 999 |
_c10114 _d10114 |
||
| 001 | 671079 | ||
| 003 | GZU | ||
| 005 | 20211014130552.0 | ||
| 008 | 950425s1996 nyua b 001 0 eng | ||
| 010 | _a 95017528 | ||
| 020 | _a0195079698 (alk. paper) | ||
| 020 | _a0195079701 (pbk. : alk. paper) | ||
| 040 |
_aDLC _cDLC _dDLC |
||
| 050 | 0 | 0 |
_aH62 _b.STE 1996 |
| 100 | 1 |
_aStern, Paul C., _d1944- _eauthor |
|
| 245 | 1 | 0 |
_aEvaluating social science research / _cPaul C. Stern, Linda Kalof. |
| 250 | _a2nd edition. | ||
| 260 |
_aNew York : _bOxford University Press, _c1996. |
||
| 300 |
_axiv, 279 pages. : _bill. ; _c25 cm. |
||
| 504 | _aIncludes bibliographical references (p. 267-273) and index. | ||
| 650 | 0 |
_aSocial sciences _xResearch. |
|
| 650 | 0 |
_aSocial sciences _xMethodology. |
|
| 700 | 1 |
_aKalof, Linda. _eauthor |
|
| 856 | 4 | 2 |
_3Publisher description _uhttp://www.loc.gov/catdir/enhancements/fy0604/95017528-d.html |
| 856 | 4 | 1 |
_3Table of contents only _uhttp://www.loc.gov/catdir/enhancements/fy0604/95017528-t.html |
| 906 |
_a7 _bcbc _corignew _d1 _eocip _f19 _gy-gencatlg |
||
| 942 |
_2lcc _cBK _eSecond edition _h62 _iSTE _kH |
||